Les 20 pays qui produisent le plus de blé - Statistiques

Statistiques générales
  • Ce quiz a été pris 143 fois
  • Le résultat moyen est 15 sur 20
Statistiques - réponses
Production de blé (en million de tonnes par an) Pays % Correct
5 36,5 France
98%
4 44,8 États Unis
97%
1 136,9 Chine
96%
3 76,1 Russie
96%
10 21,4 Allemagne
90%
9 22,3 Canada
89%
19 7,8 Espagne
89%
2 109.6 Inde
89%
20 7,5 Brésil
84%
12 17,6 Argentine
83%
6 32,1 Ukraine
83%
13 14 Royaume Uni
76%
14 11,9 Pologne
75%
7 31,9 Australie
74%
11 17,6 Turquie
71%
17 10 Iran
56%
8 27,4 Pakistan
55%
16 10,4 Roumanie
49%
18 9 Egypte
48%
15 11,8 Kazakhstan
44%
Aucun quiz correspondant
Distribution des résultats
% des personnes avec chaque résultat
Percentile par nombre de réponses
Votre historique - résultats
Vous n’avez pas pris ce quiz